000 01059nam a2200241 a 4500
001 38001
003 BD-RjUL
005 20211209052714.0
008 150824s2005 ii ||||| b||| 00| 0 eng d
035 _a(BD-RjUL)38106
040 _aBD-RjUL
_beng
_cBD-RjUL
041 _aeng
082 _a398.0954
_bMOB 2005
100 _aমজুমদার, দিব্যজ্যোতি
_9117702
245 _aবাংলা লোককথার টাইপ ও মোটিফ ইনডেকস্ /
_cদিব্যজ্যোতি মজুমদার
250 _a৩য় পরি. সং.
260 _aকলকাতা :
_bলোকসংস্কৃতি ও আদিবাসী সংস্কৃতি কেন্দ্র,
_c২০০৫.
300 _a২২৬ পৃ. ;
_c২২ সেমি.
504 _aগ্রন্থপঞ্জি সংযুক্ত
650 _aলোককথা
_zভারত (পশ্চিমবঙ্গ)
_9117703
650 _aFolklore
_zIndia (West Bengal)
_9117704
942 _2ddc
_cBK
_02
999 _c38001
_d38001